[Event "Thursday Knighter VI: OPEN"]
[Site "Minneapolis, MN"]
[Date "2018.06.21"]
[Round "3.8"]
[White "Lothrop, Bill"]
[Black "Flaherty, Michael"]
[Result "1-0"]
[WhiteElo "1209"]
[BlackElo "1142"]

1. e4 c5 2. Nf3 g6 3. d4 cxd4 4. Nxd4 e5 5. Nf3 Nc6 6. Bc4 Be7 7. Qd5 Qa5+ 8.
Qxa5 Nxa5 9. Bd5 Nf6 10. Nxe5 Nxd5 11. exd5 O-O 12. O-O d6 13. Nd3 Bf5 14. Na3
b6 15. Nb4 Rac8 16. b3 Bf6 17. Rb1 Nb7 18. Bb2 Bxb2 19. Rxb2 Rfe8 20. c4 Bd7
21. Nd3 Re7 22. Re1 Rxe1+ 23. Nxe1 Re8 24. Kf1 Nc5 25. Re2 Rxe2 26. Kxe2 Bf5
27. Nb5 Bb1 28. Nc3 h5 29. b4 Nd7 30. a3 Ba2 31. Ke3 Bxc4 32. b5 Kf8 33. Nc2
g5 34. g4 h4 35. a4 a5 36. h3 {#r} 1-0

[Event "Thursday Knighter VI: PREMIER"]
[Site "Minneapolis, MN"]
[Date "2018.06.28"]
[Round "4.2"]
[White "Wasserman, Eddie"]
[Black "Hoover, Nathan"]
[Result "0-1"]
[WhiteElo "1928"]
[BlackElo "1979"]

1. e4 e5 2. Nf3 Nc6 3. Bb5 a6 4. Ba4 Nf6 5. O-O Nxe4 6. d4 b5 7. Bb3 d5 8.
dxe5 Be6 9. c3 Bc5 10. Bf4 g5 11. Be3 Bxe3 12. fxe3 g4 13. Nd4 Nxe5 14. Nd2
Nxd2 15. Qxd2 Qg5 16. a4 O-O 17. axb5 axb5 18. Rxa8 Rxa8 19. Nxb5 Rb8 20. Nd4
c5 21. Nxe6 fxe6 22. Ba2 c4 23. Bb1 h5 24. Qe2 Rd8 (24... Nf3+ {Stockfish 8:
(-4.72/ 27)}) 25. Rd1 Rf8 26. e4 d4 27. cxd4 Nf3+ 28. Kh1 Nxh2 29. Qxc4 Nf3
30. Qxe6+ Kg7 31. gxf3 Qh4+ 32. Kg1 Qg3+ 33. Kh1 Qxf3+ 34. Kh2 Qe2+ 35. Kg3
Qf2# 0-1

[Event "Thursday Knighter VI: PREMIER"]
[Site "Minneapolis, MN"]
[Date "2018.06.28"]
[Round "4.4"]
[White "Marquina, Efrain"]
[Black "Boardman, Larry"]
[Result "1-0"]
[WhiteElo "1645"]
[BlackElo "1944"]

1. d4 d5 2. g3 Nf6 3. Bg2 c5 4. Nf3 Nc6 5. O-O e6 6. a3 cxd4 7. Nxd4 Be7 8.
Nxc6 bxc6 9. c4 O-O 10. Qc2 Ba6 11. Nd2 c5 12. e4 dxe4 13. Nxe4 Rc8 14. Rd1
Qb6 15. Bf4 Nxe4 16. Bxe4 Rfd8 17. Bxh7+ Kf8 18. Qe2 Bb7 19. Qh5 Qc6 20. Be4
{#r} 1-0

[Event "Thursday Knighter VI: PREMIER"]
[Site "Minneapolis, MN"]
[Date "2018.06.28"]
[Round "4.5"]
[White "Buyukdag, Yusuf"]
[Black "Louie, Terry"]
[Result "0-1"]
[WhiteElo "1102"]
[BlackElo "1506"]

1. d4 c5 2. d5 Nf6 3. c4 b5 4. cxb5 a6 5. e3 g6 6. Nc3 Bg7 7. Nf3 O-O 8. Bc4
axb5 9. Nxb5 Qb6 10. O-O d6 11. Qb3 Bg4 12. Nd2 Na6 13. e4 Rfb8 14. Re1 Bd7
15. Nc3 Qa5 16. Qd1 Ng4 17. Nb3 Qb4 18. Be2 Ne5 19. Bf4 c4 20. Nd2 Nd3 21.
Bxd3 cxd3 22. Qb3 Nc5 23. Qxb4 Rxb4 24. e5 Rxf4 25. a3 Bxe5 26. Rac1 Kf8 27.
g3 Bxc3 28. Rxc3 Rd4 29. b4 Na4 30. Rc7 Rd8 31. Ra7 Nc3 32. Rb1 Nxb1 {#R} 0-1

[Event "Thursday Knighter VI: OPEN"]
[Site "Minneapolis, MN"]
[Date "2018.06.28"]
[Round "4.1"]
[White "Melander, Robert"]
[Black "Gisselquist, Peter"]
[Result "0-1"]
[WhiteElo "1541"]
[BlackElo "1018"]

1. e4 e5 2. Nf3 Nc6 3. Bb5 a6 4. Bxc6 dxc6 5. h3 c5 6. d3 Bd6 7. O-O Ne7 8.
Nc3 f6 9. Ne1 Ng6 10. Be3 Be6 11. Qd2 Qd7 12. Ne2 O-O-O 13. f4 exf4 14. Nxf4
Nxf4 15. Bxf4 c4 16. Be3 cxd3 17. Qxd3 Qc6 18. Bd4 Bc4 {#R} 0-1

[Event "Thursday Knighter VI: OPEN"]
[Site "Minneapolis, MN"]
[Date "2018.06.28"]
[Round "4.3"]
[White "Juntunen, Steven"]
[Black "Wisniewski, Vincent"]
[Result "0-1"]
[WhiteElo "2133"]
[BlackElo "1432"]

1. e4 Nf6 2. e5 Nd5 3. d4 d6 4. Nf3 g6 5. Bc4 Nb6 6. Bb3 Bg7 7. O-O Nc6 8. Re1
O-O 9. Bd2 Bg4 10. Bc3 dxe5 11. dxe5 Qxd1 12. Rxd1 Bxf3 13. gxf3 Bxe5 14. Bxe5
Nxe5 15. f4 Nec4 16. a4 Nd6 17. a5 Nd7 18. a6 b6 19. Bd5 Rad8 20. c4 c5 21. b3
Nf6 22. Nc3 Nh5 23. Ne2 Nf5 24. Be4 Nhg7 25. Nc3 Nd6 26. Bf3 e6 27. Ra2 Ngf5
28. Rad2 Nd4 29. Kg2 f5 30. Ne2 Nxe2 31. Bxe2 Nf7 32. Rd7 Rxd7 33. Rxd7 e5 34.
Rxa7 e4 35. Rb7 Ra8 36. a7 Kg7 37. f3 e3 38. Kf1 Kf6 39. Rxb6+ Ke7 40. Rb7+
Ke6 41. Bd3 h6 42. h4 Nd6 43. Rh7 Nf7 44. Ke2 Rxa7 45. Kxe3 Kf6 46. Bc2 Re7+
47. Kd3 Rd7+ 48. Kc3 Rd4 49. b4 Rxf4 50. b5 Rxf3+ 51. Kb2 h5 52. b6 Re3 53.
Ba4 Re6 54. Kc3 Rxb6 55. Be8 Rb7 56. Kd3 Ne5+ {#R} 0-1

[Event "Thursday Knighter VI: OPEN"]
[Site "Minneapolis, MN"]
[Date "2018.06.28"]
[Round "4.9"]
[White "Flaherty, Michael"]
[Black "Hale, Roger"]
[Result "0-1"]
[WhiteElo "1142"]
[BlackElo "1979"]

1. e4 e6 2. d4 d5 3. exd5 exd5 4. c4 c6 5. cxd5 cxd5 6. Nf3 Nf6 7. Nc3 Bb4 8.
Bd2 O-O 9. Bd3 Bg4 10. O-O Nc6 11. Be2 Bxf3 12. Bxf3 Nxd4 13. Qa4 Nxf3+ 14.
gxf3 Bc5 15. Qb5 Bb6 16. Bg5 Bc7 17. Bxf6 Qd6 18. Rfd1 Qxh2+ 19. Kf1 Bb6 20.
Bd4 Bxd4 21. Rxd4 Qh1+ 22. Ke2 Qxa1 23. Rxd5 Rfe8+ 24. Ne4 Qxa2 25. Qxb7 Rab8
26. Qc6 Qxb2+ 27. Rd2 Qb5+ 28. Qxb5 Rxb5 29. Kf1 a5 30. Nd6 Rb1+ 31. Kg2 Ra8
32. Ra2 g6 33. Nc4 Rb4 34. Rxa5 Rxa5 35. Nxa5 Rb5 36. Nc6 Kg7 37. Nd4 Rg5+ 38.
Kf1 h5 39. Ke2 h4 40. f4 Rh5 41. Nf3 f6 42. Nh2 f5 43. Kf1 Kf6 44. Ke2 g5 45.
fxg5+ Rxg5 46. Nf3 Rg4 47. Nh2 Rg2 48. Nf3 h3 49. Kf1 Rg4 50. Ke2 f4 51. Kd3
Kf5 52. Nd4+ Kg5 {#R} 0-1

[Event "Thursday Knighter VII: PREMIER"]
[Site "Minneapolis, MN"]
[Date "2018.07.05"]
[Round "1.1"]
[White "Britt, Thomas"]
[Black "Boardman, Larry"]
[Result "1-0"]
[WhiteElo "1460"]
[BlackElo "1933"]

1. d4 d5 2. c4 e6 3. Nf3 Nf6 4. g3 c5 5. cxd5 exd5 6. Nc3 Nc6 7. Bg2 Be7 8.
O-O O-O 9. Bg5 cxd4 10. Nxd4 h6 11. Bf4 Be6 12. Nxe6 fxe6 13. Qb3 Na5 14. Qa4
a6 15. Bh3 Kf7 16. Rad1 b5 17. Qd4 g5 18. Bc1 Nc6 19. Qe3 g4 20. Bg2 b4 21.
Na4 Qa5 22. b3 Bd6 23. Bb2 e5 24. Qd2 Ne7 25. Qe3 d4 26. Qd3 Rad8 27. e3 dxe3
28. fxe3 Rh8 29. Qc4+ Kg7 30. Qe6 Ne8 31. Qf7# 1-0

[Event "Thursday Knighter VII: PREMIER"]
[Site "Minneapolis, MN"]
[Date "2018.07.05"]
[Round "1.2"]
[White "Thomson, Aaron"]
[Black "Hoover, Nathan"]
[Result "0-1"]
[WhiteElo "1528"]
[BlackElo "1979"]

1. e4 c5 2. Nf3 Nc6 3. c3 Nf6 4. e5 Nd5 5. d4 cxd4 6. cxd4 d6 7. Be2 e6 8. O-O
Be7 9. Nc3 Nxc3 10. bxc3 O-O 11. Bf4 b6 12. Qb3 Bb7 13. Rfd1 Rc8 14. Rac1 Na5
15. Qb2 Nc4 16. Bxc4 Rxc4 17. Qb5 Rc7 18. Nd2 dxe5 19. Qxe5 Rd7 20. Qe3 Rd5
21. Nb3 Ba3 22. Rc2 Qf6 23. c4 Rf5 (23... Qg6 {Stockfish 8: (-2.61/25)}) 24.
Bg3 h5 25. h4 g5 26. hxg5 Rxg5 27. f4 Rg4 28. Rf2 Qg6 29. Rd3 Be4 30. f5 exf5
31. Rf4 Rxf4 32. Qxf4 Bxd3 {#R} 0-1

[Event "Thursday Knighter VII: PREMIER"]
[Site "Minneapolis, MN"]
[Date "2018.07.05"]
[Round "1.3"]
[White "Jin, Ashton"]
[Black "Gisselquist, Peter"]
[Result "1-0"]
[WhiteElo "2133"]
[BlackElo "1018"]

1. d4 d5 2. Nf3 Nc6 3. Bf4 Nf6 4. e3 e6 5. c4 dxc4 6. Bxc4 Nd5 7. Bg3 Bd6 8.
e4 Bb4+ 9. Ke2 Nb6 10. Bb3 Bd6 11. Nc3 Bxg3 12. hxg3 Qe7 13. Qd3 e5 14. Nxe5
Nxe5 15. dxe5 Qxe5 16. Qb5+ Qxb5+ 17. Nxb5 O-O 18. Nxc7 Rb8 19. Rhd1 Bd7 20.
a4 Rbc8 21. Nd5 Nxd5 22. exd5 b5 23. Rd4 g6 24. Kd2 bxa4 25. Bxa4 Bxa4 26.
Raxa4 Rb8 27. Kc3 Rb7 28. d6 Rd8 29. Rac4 Rdd7 30. Rc6 f5 31. Rb4 Rxb4 32.
Kxb4 Kf7 33. Rc7 Ke6 34. Rxd7 Kxd7 35. Kc5 a5 36. f4 h6 37. b3 g5 38. Kd5 {#r}
1-0

[Event "Thursday Knighter VII: PREMIER"]
[Site "Minneapolis, MN"]
[Date "2018.07.05"]
[Round "1.4"]
[White "Mulligan, Toma"]
[Black "Newhall, Peter"]
[Result "1/2-1/2"]
[WhiteElo "2008"]
[BlackElo "1067"]

1. d4 f5 2. c4 Nf6 3. Nc3 e6 4. g3 Be7 5. Bg2 O-O 6. Bf4 d6 7. Nf3 Nc6 8. d5
Na5 9. Qa4 b6 10. Nd2 e5 11. Bg5 Bd7 12. Qc2 Qe8 13. b4 Nb7 14. Bxf6 Bxf6 15.
O-O Kh8 16. e4 f4 17. Qd3 g5 18. Nb5 Bd8 19. Rfc1 a6 20. Nc3 Qh5 21. Qe2 Bg4
22. f3 Bh3 23. g4 Qh4 24. Qf2 Qxf2+ 25. Kxf2 Bxg2 26. Kxg2 {#d} 1/2-1/2

[Event "Thursday Knighter VII: PREMIER"]
[Site "Minneapolis, MN"]
[Date "2018.07.05"]
[Round "1.5"]
[White "Louie, Terry"]
[Black "Buyukdag, Yusuf"]
[Result "1/2-1/2"]
[WhiteElo "1506"]
[BlackElo "1102"]

1. c4 c5 2. Nc3 Nc6 3. g3 e6 4. Bg2 Be7 5. Nf3 d5 6. b3 d4 7. Na4 Nf6 8. d3
O-O 9. O-O Re8 10. Ng5 Nd7 11. Nf3 Bf6 12. Rb1 b6 13. Nxd4 cxd4 14. Bxc6 Rb8
15. b4 Qc7 16. Bg2 Bb7 17. e4 dxe3 18. Bxe3 Bxg2 19. Kxg2 Qc6+ 20. Kg1 Ne5 21.
f4 Nxd3 22. Qxd3 Qxa4 23. Qb3 {#d} 1/2-1/2

[Event "Thursday Knighter VII: PREMIER"]
[Site "Minneapolis, MN"]
[Date "2018.07.05"]
[Round "1.6"]
[White "Wisniewski, Vincent"]
[Black "Wasserman, Eddie"]
[Result "0-1"]
[WhiteElo "1432"]
[BlackElo "1928"]

1. d4 Nf6 2. c4 e6 3. Nc3 Bb4 4. Qc2 O-O 5. a3 Bxc3+ 6. Qxc3 d5 7. e3 b6 8.
cxd5 Ne4 9. Qc2 exd5 10. Bd3 Bb7 11. Nf3 Nd7 12. O-O Rc8 13. Ne1 c5 14. Qa4
Bc6 15. Qd1 c4 16. Bc2 b5 17. f3 Nef6 18. g4 a5 19. Ng2 b4 20. axb4 axb4 21.
Qe1 b3 22. Bf5 g6 23. Bxd7 Qxd7 24. Qh4 Ne8 25. Qh6 Nd6 26. Nf4 Ra8 27. Bd2 f5
28. Nxg6 Rf6 29. Rxa8+ Bxa8 30. Ne5 Qe6 31. Qg5+ Kh8 32. Ra1 Bb7 33. Nd7 Rf7
34. Qd8+ Kg7 35. Ne5 Rf8 36. Qc7+ Kh8 37. Ra7 fxg4 38. f4 Nb5 39. Qxb7 Nxa7
40. Qxa7 Qf5 41. Qa1 Qc2 42. Bc3 Qe2 43. Qe1 Qxe1+ 44. Bxe1 Ra8 45. Bc3 Ra1+
46. Kf2 Rc1 47. Bd2 Rc2 48. Ke1 Rxb2 49. e4 Rb1+ 50. Ke2 b2 51. exd5 Rh1 52.
Nxg4 b1=Q 53. Ne3 Qd3+ 54. Kf3 Qxd2 55. Nxc4 Qxd4 {#R} 0-1

[Event "Thursday Knighter VII: OPEN"]
[Site "Minneapolis, MN"]
[Date "2018.07.05"]
[Round "1.7"]
[White "Myrin, Norman"]
[Black "Kroells, Ty"]
[Result "1/2-1/2"]
[WhiteElo "1974"]
[BlackElo "1924"]

1. d4 Nf6 2. c4 e5 3. dxe5 Ng4 4. Nf3 Bc5 5. e3 Nc6 6. Nbd2 Ngxe5 7. Nxe5 Nxe5
8. Nf3 Qf6 9. Be2 d6 10. O-O Be6 11. Nxe5 dxe5 12. Qc2 O-O 13. Bd3 h6 14. Bd2
Rad8 15. b4 Be7 16. Bc3 Rd7 17. Rad1 Qg5 18. Bh7+ Kh8 19. Rxd7 Bxd7 20. f4
exf4 21. exf4 Qg4 22. Be4 c6 23. Rf3 Bf6 24. Bxf6 gxf6 25. Qc3 Qe6 26. Qd4 b6
27. Rh3 Kg7 28. Qe3 Rh8 29. f5 Qe5 30. Rg3+ Kf8 31. Kf2 Qb2+ 32. Kf3 Qxb4 33.
Rh3 Kg7 34. Rg3+ Kf8 35. Rh3 Kg7 36. Rg3+ {#d} 1/2-1/2

[Event "Exerciser Quad 7: SECTION 1 (2040)"]
[Site "Minneapolis, MN"]
[Date "2018.07.07"]
[Round "1.1"]
[White "Hoover, Nathan"]
[Black "Zagar, Dane"]
[Result "0-1"]
[WhiteElo "2161"]
[BlackElo "1983"]

1. e4 c5 2. Nf3 d6 3. d4 cxd4 4. Nxd4 Nf6 5. Nc3 a6 6. Bg5 e6 7. f4 Be7 8. Qf3
Qc7 9. O-O-O Nc6 10. Be2 Nxd4 11. Rxd4 h6 12. Bh4 g5 13. fxg5 Nd7 14. Qh5 Qc5
15. Rhd1 Qe5 16. Bg3 Qxg5+ 17. Kb1 Ne5 18. Rf1 Qg7 19. Bxe5 dxe5 20. Rd3 Bd7
21. Rg3 Qf8 22. Qxe5 (22. Rgf3 Rh7 23. Qxe5 O-O-O {Stockfish 8: (+1.97/26)})
22... Bd6 {#R} 0-1

[Event "Exerciser Quad 7: SECTION 1 (2040)"]
[Site "Minneapolis, MN"]
[Date "2018.07.07"]
[Round "1.2"]
[White "Azar, Steven"]
[Black "Hutton, Henry"]
[Result "1/2-1/2"]
[WhiteElo "2042"]
[BlackElo "1972"]

1. c4 c6 2. g3 Nf6 3. Bg2 d5 4. Nf3 g6 5. O-O Bg7 6. cxd5 cxd5 7. d4 Nc6 8.
Nc3 O-O 9. Bg5 h6 10. Bxf6 Bxf6 11. Qb3 e6 12. Rfd1 Bd7 13. e4 Na5 14. Qc2
dxe4 15. Nxe4 Rc8 16. Nxf6+ Qxf6 17. Qd2 Bc6 18. Ne5 Bxg2 19. Kxg2 Nc4 20. Qe2
Nb6 21. Ng4 Qg7 22. Rac1 Rfd8 23. Rxc8 Rxc8 24. Qe3 {#d} 1/2-1/2

[Event "Exerciser Quad 7: SECTION 1 (2040)"]
[Site "Minneapolis, MN"]
[Date "2018.07.07"]
[Round "2.1"]
[White "Zagar, Dane"]
[Black "Azar, Steven"]
[Result "0-1"]
[WhiteElo "1983"]
[BlackElo "2042"]

1. d4 Nf6 2. c4 e6 3. Nc3 d5 4. Bg5 Be7 5. e3 h6 6. Bh4 O-O 7. Nf3 Ne4 8. Bxe7
Qxe7 9. Bd3 Nxc3 10. bxc3 dxc4 11. Bxc4 c5 12. O-O b6 13. a4 Bb7 14. a5 Nd7
15. Qe2 Nf6 16. Ra3 cxd4 17. Rb3 dxe3 18. fxe3 Rac8 19. axb6 axb6 20. Nd4 Qc5
21. Bd3 Be4 22. Ba6 Rb8 23. Qe1 Qg5 24. Rf2 Nd5 25. Nc6 Nxe3 26. Nxb8 Bxg2 27.
h4 Qxh4 28. Re2 Qh1+ 29. Kf2 Ng4+ 30. Kg3 Qh3+ 31. Kf4 {#R} 0-1

[Event "Exerciser Quad 7: SECTION 1 (2040)"]
[Site "Minneapolis, MN"]
[Date "2018.07.07"]
[Round "2.2"]
[White "Hutton, Henry"]
[Black "Hoover, Nathan"]
[Result "1/2-1/2"]
[WhiteElo "1972"]
[BlackElo "2161"]

1. e4 e5 2. Nf3 Nc6 3. Bc4 Nf6 4. d3 Bc5 5. O-O d6 6. c3 a6 7. Bb3 Ba7 8. Nbd2
Ne7 9. Re1 Ng6 10. Nf1 O-O 11. Ng3 c5 12. h3 Nf4 13. d4 Qc7 14. Bxf4 exf4 15.
Ne2 Nxe4 16. Nxf4 Nf6 17. Qd2 c4 18. Bc2 Bd7 19. Rad1 Rae8 20. Rxe8 Rxe8 21.
Re1 d5 22. Re5 Qd6 23. Qe2 Rd8 24. Qd2 Bb8 25. g3 Qc6 26. Re1 Bxf4 27. Qxf4
Bxh3 28. Ng5 Bd7 29. Nxh7 Nxh7 30. Bxh7+ Kf8 31. Bf5 Bxf5 32. Qxf5 Qd6 33. Qh7
Qh6 34. Qxh6 gxh6 35. Re5 Rd7 36. Kg2 Rd6 37. f4 f6 38. Re2 Kf7 39. Kf3 h5 40.
f5 Rd8 41. Rh2 Rh8 42. Kf4 Kg7 43. Re2 Kf7 44. Re6 Rd8 45. Rb6 Rd7 46. Kf3 Kg7
47. Kg2 Re7 48. Kh3 Kh6 49. Rxf6+ Kg5 50. Rd6 Re2 51. f6 Kg6 52. Rxd5 Rxb2 53.
f7 Kxf7 54. Rxh5 Rxa2 55. Rh7+ Ke6 56. Rxb7 Ra3 57. Rb6+ Kd5 58. Kh4 Rxc3 59.
Rxa6 Kxd4 60. g4 Rc1 61. Rc6 c3 62. Kg5 Re1 63. Kf6 Rf1+ 64. Kg6 Kd3 65. g5
Rf4 66. Kh7 Rc4 67. Rxc4 Kxc4 68. g6 c2 69. g7 c1=Q {#d} 1/2-1/2

[Event "Exerciser Quad 7: SECTION 1 (2040)"]
[Site "Minneapolis, MN"]
[Date "2018.07.07"]
[Round "3.1"]
[White "Hoover, Nathan"]
[Black "Azar, Steven"]
[Result "1-0"]
[WhiteElo "2161"]
[BlackElo "2042"]

1. e4 e6 2. d4 d5 3. Nc3 Nf6 4. e5 Nfd7 5. f4 c5 6. Nf3 Nc6 7. Be3 Be7 8. Qd2
b6 9. O-O-O c4 10. f5 Rb8 11. Qf2 b5 12. Qg3 g6 13. fxe6 fxe6 14. Ng5 Bxg5 15.
Bxg5 Qa5 16. Qh3 Nf8 17. Kb1 b4 18. Ne2 Rb7 19. Nc1 Qb6 20. Be2 Rf7 21. Bg4 h5
22. Be2 Nh7 23. Be3 Qd8 24. Rhg1 Kd7 25. b3 Ng5 26. Bxg5 Qxg5 27. bxc4 Kc7 28.
Qb3 Rd8 29. Bf3 Na5 30. Qxb4 Nxc4 31. Rd3 Qe7 32. Qxe7+ Rxe7 33. Nb3 Kc6 34.
Re1 a5 35. Nc5 Bd7 36. Kc1 Rb8 37. Rb3 Rb6 38. g4 Rf7 39. gxh5 gxh5 40. Bxh5
Rh7 41. Bg4 Rxh2 42. Bxe6 Bxe6 43. Nxe6 Rxb3 44. axb3 Na3 45. Kb2 Nb5 46. Rd1
Rh6 47. Nf4 Nc7 48. c4 Rh4 49. cxd5+ Nxd5 50. Rc1+ {#r} 1-0

[Event "Exerciser Quad 7: SECTION 1 (2040)"]
[Site "Minneapolis, MN"]
[Date "2018.07.07"]
[Round "3.2"]
[White "Hutton, Henry"]
[Black "Zagar, Dane"]
[Result "0-1"]
[WhiteElo "1975"]
[BlackElo "1983"]

1. e4 c5 2. Nf3 d6 3. d4 cxd4 4. Nxd4 Nf6 5. Nc3 a6 6. h3 e5 7. Nde2 h5 8. g3
Be7 9. Bg2 b5 10. Nd5 Bb7 11. Nxe7 Qxe7 12. Bg5 Nbd7 13. O-O Rc8 14. Re1 Qe6
15. Nc3 Rc4 16. f3 b4 17. Na4 Bc6 18. b3 Rd4 19. Qe2 Bb5 20. Qf2 Bxa4 21. bxa4
Rc4 22. Bf1 Rc6 23. Reb1 a5 24. Kg2 O-O 25. a3 Rfc8 26. Rb2 d5 27. Bd3 Nc5 28.
axb4 dxe4 29. Bb5 exf3+ 30. Qxf3 Nce4 31. Bxf6 Rxc2+ 32. Rxc2 Rxc2+ 33. Be2
Nxf6 34. Qd3 Nd5 35. bxa5 e4 36. Qb5 Nc3 37. Qxh5 Nxe2 {#R} 0-1

[Event "Exerciser Quad 7: SECTION 2 (1741)"]
[Site "Minneapolis, MN"]
[Date "2018.07.07"]
[Round "1.1"]
[White "Olofinboba, Tunde"]
[Black "Buyukdag, Yusuf"]
[Result "1-0"]
[WhiteElo "1757"]
[BlackElo "1765"]

1. d4 Nf6 2. c4 e6 3. Nc3 Bb4 4. Qc2 O-O 5. Bg5 d5 6. e3 Nbd7 7. Nf3 h6 8. Bh4
Be7 9. Bd3 dxc4 10. Bxc4 Nb6 11. Bd3 Nfd5 12. Bxe7 Qxe7 13. a3 Bd7 14. Nxd5
Nxd5 15. Ne5 c6 16. O-O Be8 17. Rac1 f6 18. Ng6 Bxg6 19. Bxg6 f5 20. Bh5 Qg5
21. Bf3 Rf7 22. Kh1 Raf8 23. b4 Ne7 24. g3 Ng6 25. Qc5 h5 26. Bg2 h4 27. f4
Qh6 28. Kg1 Ne7 29. Qxa7 Nd5 30. Bxd5 exd5 31. Qc5 hxg3 32. hxg3 Qh3 33. Rf3
g5 34. fxg5 Rh7 35. Kf2 Qh2+ 36. Ke1 Qg1+ 37. Ke2 Qg2+ 38. Rf2 Qxg3 39. Rcf1
Re8 40. Rf3 Qg4 41. Qd6 Rg7 42. Qf6 Rxg5 43. Kd2 Rh5 44. Rxf5 Rh2+ 45. R5f2
Rxf2+ 46. Qxf2 Qe4 47. Qf7+ Kh8 48. Qh5+ Kg8 49. Qg5+ Kh7 50. Rf7+ {#r} 1-0

[Event "Exerciser Quad 7: SECTION 2 (1741)"]
[Site "Minneapolis, MN"]
[Date "2018.07.07"]
[Round "1.2"]
[White "Deutsch, Daniel"]
[Black "Talghader, John"]
[Result "1-0"]
[WhiteElo "1718"]
[BlackElo "1723"]

1. e4 e5 2. Nf3 Nc6 3. Nc3 Nf6 4. Bb5 d6 5. d4 exd4 6. Nxd4 Bd7 7. O-O Nxd4 8.
Bxd7+ Qxd7 9. Qxd4 Be7 10. Re1 O-O 11. Bg5 Qg4 12. Qd2 h6 13. Bf4 Rad8 14. h3
Qh5 15. Re3 d5 16. exd5 Nxd5 17. Nxd5 Rxd5 18. Qe1 Bc5 19. Re4 c6 20. Re2 Qf5
21. Bg3 Qf6 22. c3 Qg6 23. Bf4 Rd3 24. Be3 Bd6 25. Rd1 Rxd1 26. Qxd1 Rd8 27.
Rd2 Kf8 28. Bxa7 Qg5 29. Rxd6 {#r} 1-0

[Event "Exerciser Quad 7: SECTION 2 (1741)"]
[Site "Minneapolis, MN"]
[Date "2018.07.07"]
[Round "2.1"]
[White "Talghader, John"]
[Black "Olofinboba, Tunde"]
[Result "0-1"]
[WhiteElo "1723"]
[BlackElo "1757"]

1. e4 e6 2. d4 d5 3. exd5 exd5 4. Nf3 Nf6 5. Bg5 Be7 6. c4 O-O 7. Bd3 c6 8.
O-O Bg4 9. Nbd2 Nbd7 10. Qc2 h6 11. Bxf6 Bxf6 12. h3 Bxf3 13. Nxf3 dxc4 14.
Bxc4 Nb6 15. Rad1 Qd6 16. Bb3 Rad8 17. Rd2 Nd5 18. Bxd5 Qxd5 19. Qa4 a6 20.
Rc1 Rfe8 21. Rc5 Qd6 22. Qb4 Rd7 23. d5 Rde7 24. Kf1 Qh2 25. Rd1 Qh1+ 26. Ng1
Be5 27. g3 Bxg3 28. fxg3 Re2 {#R} 0-1

[Event "Exerciser Quad 7: SECTION 2 (1741)"]
[Site "Minneapolis, MN"]
[Date "2018.07.07"]
[Round "2.2"]
[White "Buyukdag, Yusuf"]
[Black "Deutsch, Daniel"]
[Result "1-0"]
[WhiteElo "1765"]
[BlackElo "1718"]

1. d4 f5 2. Nc3 Nf6 3. Bg5 e6 4. e4 fxe4 5. Nxe4 Be7 6. Bxf6 Bxf6 7. Nf3 O-O
8. Bd3 Nc6 9. c3 b6 10. O-O Bb7 11. Qc2 g6 12. Rae1 Bg7 13. Nfg5 Ne7 14. Re3
Nf5 15. Rh3 Bh6 16. f4 Bxg5 17. Nxg5 h5 18. Bxf5 exf5 19. Qb3+ Kg7 20. Re1 Qf6
21. Rhe3 Be4 22. Nxe4 fxe4 23. Rxe4 Rf7 24. Qd5 c6 25. Qe5 Qxe5 26. dxe5 c5
27. h4 Re7 28. Rd1 Kf7 29. Rd6 b5 30. Re3 Rc8 31. Rg3 Rg8 32. Rf6+ Ke8 33.
Rgxg6 Rxg6 34. Rxg6 Re6 35. Rxe6+ dxe6 36. Kf2 a5 37. a3 Kd7 38. g4 hxg4 39.
h5 Ke7 40. Kg3 Kf7 41. Kxg4 Kg7 42. Kg5 b4 43. cxb4 cxb4 44. axb4 axb4 45. b3
Kf7 46. h6 Kg8 47. Kf6 Kh7 48. Kxe6 Kxh6 49. Kf7 Kh5 50. e6 Kg4 51. e7 Kxf4
52. e8=Q {#r} 1-0

[Event "Exerciser Quad 7: SECTION 2 (1741)"]
[Site "Minneapolis, MN"]
[Date "2018.07.07"]
[Round "3.1"]
[White "Olofinboba, Tunde"]
[Black "Deutsch, Daniel"]
[Result "1-0"]
[WhiteElo "1757"]
[BlackElo "1718"]

1. d4 d5 2. c4 e6 3. Nc3 Nf6 4. Bg5 Nbd7 5. e3 c6 6. Nf3 h6 7. Bh4 Be7 8. Bd3
dxc4 9. Bxc4 c5 10. O-O cxd4 11. Nxd4 a6 12. Bxe6 fxe6 13. Nxe6 Qa5 14. Nd5
Bd8 15. Nxf6+ Bxf6 16. Bg3 Be5 17. Qh5+ Ke7 18. Nf4 Nf8 19. Ng6+ Nxg6 20. Qxg6
Bf6 21. Rac1 Bd7 22. Qe4+ Kf8 23. Qxb7 Qd8 24. Rfd1 Rc8 25. Rxc8 Qxc8 26. Qxd7
Qc2 27. h3 Qxb2 28. Qc8+ Kf7 29. Qxh8 Qxa2 30. Rd7+ Kg6 31. Qe8+ Kh7 32. Be5
Bxe5 33. Qxe5 Qb1+ 34. Kh2 Qg6 35. e4 Kh8 36. Rd8+ Kh7 37. Qf5 Qxf5 38. exf5
a5 39. Ra8 h5 40. Rxa5 h4 41. g3 hxg3+ 42. fxg3 g6 43. fxg6+ Kxg6 44. g4 Kg7
45. Ra6 Kh7 46. g5 Kg7 47. h4 Kh7 48. h5 Kg7 49. Ra7+ Kg8 50. g6 Kh8 51. h6
Kg8 52. Ra8# 1-0

[Event "Exerciser Quad 7: SECTION 2 (1741)"]
[Site "Minneapolis, MN"]
[Date "2018.07.07"]
[Round "3.2"]
[White "Talghader, John"]
[Black "Buyukdag, Yusuf"]
[Result "0-1"]
[WhiteElo "1723"]
[BlackElo "1765"]

1. e4 c5 2. Nf3 Nc6 3. d4 cxd4 4. Nxd4 g6 5. Nc3 Bg7 6. Be3 Nf6 7. Bc4 O-O 8.
f3 Qb6 9. Bb3 Nxe4 10. fxe4 Bxd4 11. Bxd4 Qxd4 12. Qxd4 Nxd4 13. O-O-O Nc6 14.
Rhf1 d6 15. Rf2 Na5 16. Nd5 Nc6 17. Nc7 Rb8 18. Rdf1 e6 19. Nb5 Ne5 20. Nxd6
Bd7 21. h3 Bc6 22. Re1 Rbd8 23. Nc4 Nxc4 24. Bxc4 Rd4 25. Bd3 Rc8 26. Kd2 a6
27. Ke3 Rcd8 28. Ref1 f5 29. exf5 exf5 30. Rg1 b5 31. g4 Be4 32. Bxe4 Rxe4+
33. Kf3 Rdd4 34. gxf5 Rf4+ 35. Ke2 Rxf2+ 36. Kxf2 Rf4+ 37. Ke3 Rxf5 38. Rg3 b4
39. a3 Rc5 40. Kd3 bxa3 41. bxa3 Kg7 42. c4 Kf6 43. Kd4 Rf5 44. Rb3 Kg5 45. c5
Rf4+ 46. Kd5 Rf5+ 47. Kd6 Rf1 48. Kc7 a5 49. c6 Rc1 50. Kb8 Rxc6 51. Rb5+ Kh4
52. Rb3 h5 53. Kb7 Rf6 54. Kc7 g5 55. Kd7 a4 56. Rc3 Rf4 57. Ke6 g4 58. Ke5
Rf3 {#R} 0-1

[Event "Thursday Knighter VII: PREMIER"]
[Site "Minneapolis, MN"]
[Date "2018.07.12"]
[Round "2.1"]
[White "Wasserman, Eddie"]
[Black "Britt, Thomas"]
[Result "0-1"]
[WhiteElo "1928"]
[BlackElo "1460"]

1. d4 Nf6 2. c4 g6 3. Nc3 Bg7 4. e4 O-O 5. Be2 d6 6. Be3 Nc6 7. d5 Nb8 8. h3
e5 9. c5 Ne8 10. cxd6 cxd6 11. f3 f5 12. Qc2 Qh4+ 13. Bf2 Qg5 14. g4 Na6 15.
h4 Qd8 16. g5 Qa5 17. Be3 Bd7 18. Nh3 b5 19. Bd2 b4 20. Nd1 Rc8 21. Qb1 Bb5
22. Bxb5 Qxb5 23. b3 Nc5 24. Nhf2 Nc7 25. Nb2 fxe4 26. fxe4 Rf3 27. Nc4 Rcf8
28. Be3 Qd7 29. Bxc5 dxc5 30. Qc2 Nb5 31. Nd3 Nd4 32. Qd2 Qg4 33. O-O-O Qxe4
34. d6 Ne2+ 35. Kb2 Qd4+ 36. Kc2 Nc3 37. Rhe1 Nxd1 38. Qxd1 Qc3+ {#R} 0-1